<?xml version="1.0" encoding="UTF-8"?>
<record
    xmlns:xsi="http://www.w3.org/2001/XMLSchema-instance"
    xsi:schemaLocation="http://www.loc.gov/MARC21/slim http://www.loc.gov/standards/marcxml/schema/MARC21slim.xsd"
    xmlns="http://www.loc.gov/MARC21/slim">

  <leader>02085nab a2200277uuc4500</leader>
  <controlfield tag="001">1542765</controlfield>
  <controlfield tag="005">20260319101601.0</controlfield>
  <controlfield tag="008">200304s2020                        eng  </controlfield>
  <datafield tag="035" ind1=" " ind2=" ">
    <subfield code="a">1542765</subfield>
  </datafield>
  <datafield tag="040" ind1=" " ind2=" ">
    <subfield code="c">comduadb</subfield>
  </datafield>
  <datafield tag="041" ind1=" " ind2=" ">
    <subfield code="a">eng</subfield>
  </datafield>
  <datafield tag="100" ind1="1" ind2="0">
    <subfield code="a">Morales Rodelo, Keidy Luz</subfield>
    <subfield code="4">aut</subfield>
    <subfield code="e">aut</subfield>
    <subfield code="9">797903</subfield>
  </datafield>
  <datafield tag="245" ind1="1" ind2="0">
    <subfield code="a">Determination and use of feasible operation region in flash distillation control</subfield>
  </datafield>
  <datafield tag="336" ind1=" " ind2=" ">
    <subfield code="a">texto</subfield>
    <subfield code="b">txt</subfield>
    <subfield code="0">(uri)http://www.rdaregistry.info/termList/RDAContentType/#1020</subfield>
    <subfield code="2">rdacontent</subfield>
  </datafield>
  <datafield tag="500" ind1=" " ind2=" ">
    <subfield code="a">RESUMEN: La destilaci&#xF3;n flash es una operaci&#xF3;n de transferencia de masa con s&#xF3;lo una etapa. Esta operaci&#xF3;n de destilaci&#xF3;n flash se usa en este trabajo para resaltar la importancia de conocer la zona donde el sistema presenta un comportamiento adecuado. En este sentido, se presenta una discusi&#xF3;n acerca de los usos de la regi&#xF3;n factible de operaci&#xF3;n (FOR por sus siglas en ingl&#xE9;s) en el dise&#xF1;o de la estructura de control para un proceso. Por este motivo, se presentan tres estructuras de control. La primera es la tradicional, una estructura de control PID multilazo. La segunda usa informaci&#xF3;n gr&#xE1;fica de la FOR para mejorar el punto de operaci&#xF3;n y las respuestas de la estructura de control. Finalmente, la tercera estructura usa informaci&#xF3;n num&#xE9;rica de la FOR para guiar los controladores en una estructura modificada. La mejora en el desempe&#xF1;o del flash en lazo cerrado, usando la &#xFA;ltima estructura de control, es notoria comparada con la estructura de control tradicional.</subfield>
  </datafield>
  <datafield tag="650" ind1=" " ind2=" ">
    <subfield code="a">Destilaci&#xF3;n</subfield>
    <subfield code="9">36954</subfield>
  </datafield>
  <datafield tag="650" ind1=" " ind2="7">
    <subfield code="a">Transferencia de masa</subfield>
    <subfield code="2">lemb</subfield>
    <subfield code="9">42968</subfield>
  </datafield>
  <datafield tag="650" ind1=" " ind2=" ">
    <subfield code="a">Equilibrio termodinamico</subfield>
    <subfield code="9">9074</subfield>
  </datafield>
  <datafield tag="650" ind1=" " ind2=" ">
    <subfield code="a">Procesos qu&#xED;micos - Separaci&#xF3;n</subfield>
    <subfield code="9">6065</subfield>
  </datafield>
  <datafield tag="650" ind1=" " ind2=" ">
    <subfield code="a">Estructuras</subfield>
    <subfield code="9">24593</subfield>
  </datafield>
  <datafield tag="650" ind1=" " ind2=" ">
    <subfield code="a">Control</subfield>
    <subfield code="9">20245</subfield>
  </datafield>
  <datafield tag="700" ind1="1" ind2="0">
    <subfield code="a">Alvarez Zapata, Hern&#xE1;n Dario</subfield>
    <subfield code="4">aut</subfield>
    <subfield code="e">aut</subfield>
    <subfield code="9">674031</subfield>
  </datafield>
  <datafield tag="773" ind1="0" ind2=" ">
    <subfield code="t">Revista Facultad de Ingenier&#xED;a (Medell&#xED;n)</subfield>
    <subfield code="g">N&#xFA;mero 95, Abril-Junio de 2020, p&#xE1;ginas 53-63</subfield>
    <subfield code="w">120998</subfield>
    <subfield code="x">0120-6230</subfield>
    <subfield code="0">67890</subfield>
  </datafield>
  <datafield tag="856" ind1="4" ind2=" ">
    <subfield code="u">http://aprendeenlinea.udea.edu.co/revistas/index.php/ingenieria/article/view/335253/20794211</subfield>
  </datafield>
  <datafield tag="942" ind1=" " ind2=" ">
    <subfield code="c">ARIMP</subfield>
  </datafield>
  <datafield tag="999" ind1=" " ind2=" ">
    <subfield code="c">817139</subfield>
    <subfield code="d">817139</subfield>
  </datafield>
</record>
